000
00321nam a2200133Ia 4500
008
191201s2018 xx 000 0 und d
082
_a
005.133
_b
FAP
100
_a
FARRELL,Joyce
245
0
_a
Programming Logic and Design
260
_b
Cengage Learning
_c
2018
300
_a
666
650
_a
B.Tech(CSE)
942
_2
ddc
_c
BK
999
_c
7018
_d
7018